[Event "Barcelona Ideal Clave op 21st"]
[Site "Barcelona"]
[Date "2017.11.04"]
[Round "5"]
[White "Fernandez Pena, Pedro Emilio"]
[Black "Capellades Subirana, Marc"]
[Result "1/2-1/2"]
[WhiteElo "2094"]
[BlackElo "2220"]
[PlyCount "73"]
[EventDate "2017.09.30"]
[EventType "swiss"]
[EventRounds "8"]
[EventCountry "ESP"]
[SourceTitle "CBM 181 Extra"]
[Source "ChessBase"]
[SourceDate "2017.12.12"]
[SourceVersion "1"]
[SourceVersionDate "2017.12.12"]
[SourceQuality "1"]

1. d4 Nf6 2. Bg5 d5 3. Bxf6 exf6 4. e3 Bd6 5. Bd3 Nc6 6. a3 Ne7 7. c4 c6 8. Nc3 dxc4 9. Bxc4 0-0 10. Nge2 f5 11. Ng3 Ng6 12. Qh5 Nh4 13. 0-0 g6 14. Qe2 f4 15. Nge4 f3 16. gxf3 Bh3 17. f4 Bxf1 18. Rxf1 Be7 19. Kh1 Kh8 20. Rg1 Nf5 21. Ng5 Bxg5 22. Rxg5 f6 23. Rg1 Nd6 24. Ba2 Qe7 25. e4 Nb5 26. Nxb5 cxb5 27. e5 fxe5 28. fxe5 Qh4 29. e6 Qxf2 30. Qe5+ Rf6 31. e7 Qf3+ 32. Rg2 Re8 33. Bf7 Qf1+ 34. Rg1 Qf3+ 35. Rg2 Qf1+ 36. Rg1 Qf3+ 37. Rg2 1/2-1/2

[Event "Barcelona Ideal Clave op 21st"]
[Site "Barcelona"]
[Date "2017.09.30"]
[Round "1"]
[White "Fernandez Pena, Pedro Emilio"]
[Black "Prats Mir, Sergi"]
[Result "1-0"]
[WhiteElo "2094"]
[BlackElo "1580"]
[PlyCount "39"]
[EventDate "2017.09.30"]
[EventType "swiss"]
[EventRounds "8"]
[EventCountry "ESP"]
[SourceTitle "CBM 181 Extra"]
[Source "ChessBase"]
[SourceDate "2017.12.12"]
[SourceVersion "1"]
[SourceVersionDate "2017.12.12"]
[SourceQuality "1"]

1. d4 d5 2. Nf3 Nf6 3. Bg5 Nbd7 4. Nbd2 e6 5. e3 c5 6. c3 Bd6 7. Bd3 c4 8. Bc2 Qc7 9. 0-0 h6 10. Bh4 0-0 11. Qe2 b5 12. e4 dxe4 13. Nxe4 Nxe4 14. Qxe4 g6 15. Rae1 Bb7 16. Qg4 Kg7 17. Rxe6 h5 18. Rxg6+ fxg6 19. Qxg6+ Kh8 20. Qh7# 1-0

[Event "Cerdanyola del Valles op-A 32th"]
[Site "Cerdanyola del Valles"]
[Date "2014.??.??"]
[Round "8.1"]
[White "Fernandez Pena, Pedro Emilio"]
[Black "Vidarte Morales, Arturo"]
[Result "0-1"]
[WhiteElo "2178"]
[BlackElo "2306"]
[PlyCount "60"]
[EventDate "2014.10.04"]
[EventType "swiss"]
[EventRounds "8"]
[EventCountry "ESP"]
[SourceTitle "EXT 2024"]
[Source "ChessBase"]
[SourceDate "2023.10.10"]
[SourceVersion "1"]
[SourceVersionDate "2023.10.10"]
[SourceQuality "1"]

1. d4 e6 2. Nf3 f5 3. Nc3 Nf6 4. Bg5 d5 5. e3 Be7 6. Ne5 0-0 7. Bxf6 Bxf6 8. f4 c5 9. Qd2 Nc6 10. 0-0-0 Qa5 11. g4 Bxe5 12. fxe5 f4 13. exf4 cxd4 14. Nb1 Qxd2+ 15. Nxd2 Rxf4 16. h3 Nxe5 17. Nb3 Bd7 18. Nxd4 Rc8 19. Bg2 Rf2 20. Rhe1 Nc6 21. Nxc6 bxc6 22. Rd2 Rcf8 23. Ree2 Rxe2 24. Rxe2 Rf4 25. Kd2 Kf7 26. Ke3 g5 27. Rd2 Ke7 28. c3 Kd6 29. Bf3 c5 30. h4 d4+ 0-1